LEADER 01008nam0-22003371i-450- 001 990005483670403321 005 20070713131020.0 035 $a000548367 035 $aFED01000548367 035 $a(Aleph)000548367FED01 035 $a000548367 100 $a19990604d1971----km-y0itay50------ba 101 0 $aita 102 $aIT 105 $ay-------001yy 200 1 $aIacopo D'Appiano$eEconomia, societa e politica del comune di Pisa al suo tramonto (1392-1399)$fOttavio Banti 210 $aPisa$c[s.n.]$d1971 215 $a359 p.$d25 cm 225 1 $aPubblicazioni dell'Istituto di storia della Facolta di Lettere$fUniversita degli Studi di Pisa$v4 676 $a330 676 $a945.55 700 1$aBanti,$bOttavio$0211233 801 0$aIT$bUNINA$gRICA$2UNIMARC 901 $aBK 912 $a990005483670403321 952 $a945.55 BAN 1$bST.MED.MOD. 8762$fFLFBC 952 $aSDI-2KD 84$bs.i.$fSDI 959 $aFLFBC 959 $aSDI 996 $aIacopo D'Appiano$9302262 997 $aUNINA LEADER 01426nam0 22003253i 450 001 CFI0203593 005 20251003044134.0 100 $a20120116d1990 ||||0itac50 ba 101 | $aita 102 $ait 181 1$6z01$ai $bxxxe 182 1$6z01$an 200 1 $aRelazioni industriali e mercato del lavoro$eun'analisi comparata Italia-Stati Uniti$fDaniela Del Boca 210 $aRoma$cLa nuova Italia scientifica$d1990 215 $a119 p.$d22 cm. 225 | $aStudi NIS economia$v17 410 0$1001CFI0006368$12001 $aStudi NIS economia$v17 676 $a331.09047$9$v19 676 $a331.0945$9ECONOMIA DEL LAVORO. Italia$v23 676 $a331.12$9MERCATO DEL LAVORO$v12 676 $a331.120945$9MERCATO DEL LAVORO. ITALIA$v20 700 1$aDel Boca$b, Daniela$3CFIV104846$4070$0122636 801 3$aIT$bIT-000000$c20120116 850 $aIT-BN0095 901 $bNAP 01$cPOZZO LIB.$nVi sono collocati fondi di economia, periodici di ingegneria e scienze, periodici di economia e statistica e altri fondi comprendenti documenti di economia pervenuti in dono. 912 $aCFI0203593 950 0$aBiblioteca Centralizzata di Ateneo$c1 v.$d 01POZZO LIB.ECON MON 6395$e 0101 0070047085E VMA 1 v. ( Precedente collocazione 4 EC 708)$fB $h20220713$i20220713 977 $a 01 996 $aRelazioni industriali e mercato del lavoro$9198488 997 $aUNISANNIO LEADER 01011nam0-22003371i-450 001 990000782340403321 005 20260323111255.0 035 $a000078234 035 $aFED01000078234 035 $a(Aleph)000078234FED01 100 $a20020821d1994----km-y0itay50------ba 101 0 $aita 102 $aIT 105 $aa-------001yy 200 1 $aImparare da Venezia$eil ruolo futuribile di alcuni progetti architettonici veneziani dei primi anni '60$fFrancesco Tentori 210 $aRoma$cOfficina Edizioni$d1994 215 $a172 p.$cill.$d22 cm 610 0 $aVenezia$aSistemazione urbanistica 676 $a720 700 1$aTentori,$bFrancesco$f<1931- >$010532 801 0$aIT$bUNINA$gRICA$2UNIMARC 901 $aBK 912 $a990000782340403321 952 $a11 SEZ. ANDRIELLO$b11$fDARPU 952 $aARCH B 1381$b6532/932$fFARBC 952 $aDE FUSCO 2402$bRDF 2480$fDARST 959 $aDARST 959 $aDARPU 959 $aFARBC 996 $aImparare da Venezia$9351064 997 $aUNINA